[Event "Santiago de Compostela Bicapawn GP B2"]
[Site "Santiago de Compostela"]
[Date "2022.10.20"]
[Round "1"]
[White "Ibarra Jerez, Jose Carlos"]
[Black "Guerrero Mendez, Luis"]
[Result "0-1"]
[WhiteElo "2556"]
[BlackElo "2032"]
[PlyCount "92"]
[EventDate "2022.10.20"]
[EventType "swiss (blitz)"]
[EventRounds "9"]
[EventCountry "ESP"]
[SourceTitle "CBM 210 Extra"]
[Source "ChessBase"]
[SourceDate "2022.11.30"]
[SourceVersion "1"]
[SourceVersionDate "2022.11.30"]
[SourceQuality "1"]

1. e4 e5 2. Nf3 Nc6 3. d4 exd4 4. Bc4 d6 5. Nxd4 Nf6 6. Nc3 Be7 7. 0-0 0-0 8. h3 Bd7 9. a4 h6 10. f4 a6 11. g4 Nxd4 12. Qxd4 c5 13. Qd3 b5 14. axb5 axb5 15. Rxa8 Qxa8 16. Bd5 Nxd5 17. Nxd5 Bd8 18. f5 Bc6 19. f6 Bxd5 20. fxg7 Re8 21. exd5 c4 22. Qf3 Qa7+ 23. Kh1 Bg5 24. Bxg5 hxg5 25. Qf6 Qe7 26. Qh6 Qe4+ 27. Kg1 Qd4+ 28. Kh1 Qxd5+ 29. Kg1 Qd4+ 30. Kh1 Qxg7 31. Qh5 Qg6 32. Qxg6+ fxg6 33. Rf6 Kg7 34. Rxd6 Re1+ 35. Kg2 Re2+ 36. Kf3 Rxc2 37. Ke3 Rxb2 38. Kd4 Rb3 39. Rd5 Kh6 40. Rd8 c3 41. Kd3 b4 42. Rb8 Rb2 43. Rb7 c2 44. Kd2 b3 45. Rc7 Rb1 46. Rc3 Rd1+ 0-1